000 01379nam a22003977a 4500
001 2893554
003 OSt
005 20210426101522.0
008 870224t19871967nyu 000 1 eng
010 _a 87000297
020 _a0802130119 (pbk.) :
020 _a9780802130112
040 _aDLC
_cDLC
_dDLC
_dOCoLC
_dDLC
_beng
041 1 _aeng
_hrus
050 0 0 _aPG3476.B78
_bM313 1987
080 _a821.111
_bB-93
082 0 0 _a891.73/42
_219
100 1 _aBulgakov, Mikhail,
_d1891-1940.
240 1 0 _aMaster i Margarita.
_lEnglish
245 1 4 _aThe master and Margarita /
_cby Mikhail Bulgakov ; translated from the Russian by Mirra Ginsburg.
_b/ by: Grove Press
250 _a1st Evergreen edition
260 _aNew York :
_bGrove Press
_c1987, c1967.
300 _axii, 402 p.
_c21 cm.
365 _b11.95 usd
500 _aTranslation of : Master i Margarita.
500 _aCover title: The master & Margarita.
500 _a"Originally published in two issues of Moskva, in late 1966 and early 1967"--Verso t.p.
650 0 _9247
_aEnglish literature
653 _aინგლისური ლიტერატურა
655 7 _aPolitical fiction.
_2lcsh
655 7 _aAllegories.
_2gsafd
700 1 _aGinsburg, Mirra.
_eTranslator
740 0 _aMaster & Margarita.
906 _a7
_bcbc
_corignew
_d1
_eocip
_f19
_gy-gencatlg
942 _2udc
_cBK
999 _c1246
_d1246